000
00396nam a22001697a 4500
003
MPLRDC
005
20220104123302.0
008
210129b ||||| |||| 00| 0 eng d
082
_a
030.89 LZQ
100
_a
不详
245
_a
东莱博议
_c
250
_a
再版
260
_a
_b
利大出版社
_c
1985
300
_b
平
650
_a
汉学总论--国学丛书
942
_c
BK
_o
030.89 LZQ
999
_c
10070
_d
10060